Most Rushing Yards by a Rookie for Every Team Ever - Statistics

General Stats
  • This quiz has been taken 6 times
  • The average score is 20 of 32
Answer Stats
Team Yards Player % Correct
DET 1,470 Barry Sanders
100%
IND 1,553 Edgerrin James
100%
LAR 1,808 Eric Dickerson
100%
JAX 1,223 Fred Taylor
100%
PHI 818 Miles Sanders
100%
MIN 1,341 Adrian Peterson
67%
WAS 1,613 Alfred Morris
67%
DEN 1,508 Clinton Portis
67%
CIN 1,129 Corey Dillon
67%
NEP 1,487 Curtis Martin
67%
SEA 1,449 Curt Warner
67%
TBB 1,454 Doug Martin
67%
TEN 1,450 Earl Campbell
67%
DAL 1,631 Ezekiel Elliott
67%
NOS 1,674 George Rogers
67%
BAL 1,364 Jamal Lewis
67%
BUF 1,185 Joe Cribbs
67%
KAN 1,327 Kareem Hunt
67%
LAC 1,236 LaDainian Tomlinson
67%
PIT 1,200 Najee Harris
67%
NYG 1,307 Saquon Barkley
67%
HOU 1,282 Steve Slaton
67%
MIA 1,116 Abdul-Karim al-Jabbar
33%
GBP 1,178 Eddie Lacy
33%
CAR 836 Jonathan Stewart
33%
CHI 1,313 Jordan Howard
33%
LVR 1,150 Josh Jacobs
33%
CLE 1,104 Kevin Mack
33%
NYJ 948 Matt Snell
33%
ARI 1,605 Ottis Anderson
33%
SFF 1,013 Ricky Watters
33%
ATL 1,035 Tyler Allgeier
33%
No matching quizzes found
Score Distribution
Percent of People with Each Score
Percentile by Number Answered
Your Score History
You have not taken this quiz